Развитие личности в условиях социализма / (Record no. 380820)
[ view plain ]
| 000 -LEADER | |
|---|---|
| fixed length control field | 01038nam a2200205 a 4500 |
| 001 - CONTROL NUMBER | |
| control field | 000523867 |
| 003 - CONTROL NUMBER IDENTIFIER | |
| control field | AM-YeHGA |
| 005 - DATE AND TIME OF LATEST TRANSACTION | |
| control field | 20250617152932.0 |
| 008 - FIXED-LENGTH DATA ELEMENTS--GENERAL INFORMATION | |
| fixed length control field | 070228s1978 ||||||||||||||||||||rus d |
| 040 ## - CATALOGING SOURCE | |
| Original cataloging agency | AM-YeHGA |
| 090 ## - LOCALLY ASSIGNED LC-TYPE CALL NUMBER (OCLC); LOCAL CALL NUMBER (RLIN) | |
| -- | 382746 |
| 245 00 - TITLE STATEMENT | |
| Title | Развитие личности в условиях социализма / |
| Statement of responsibility, etc. | М-во просвещения РСФСР. Владимир. гос. пед. ин-т им. П.И. Лебедева-Полянского ; Редкол.: Б.Ф. Киктев (отв. ред.) и др. |
| 260 ## - PUBLICATION, DISTRIBUTION, ETC. | |
| Place of publication, distribution, etc. | Владимир : |
| Name of publisher, distributor, etc. | Изд-во Владимирского гос. пед. ин-та, |
| Date of publication, distribution, etc. | 1978. |
| 300 ## - PHYSICAL DESCRIPTION | |
| Extent | вып. |
| 505 10 - FORMATTED CONTENTS NOTE | |
| Miscellaneous information | Вып. 4 (1978, 147 с.) |
| 650 14 - SUBJECT ADDED ENTRY--TOPICAL TERM | |
| Topical term or geographic name entry element | Диалектический и исторический материализм |
| 700 1# - ADDED ENTRY--PERSONAL NAME | |
| Personal name | Киктев, Б.Ф |
| Relator term | ред. |
| Relationship | edt |
| 710 2# - ADDED ENTRY--CORPORATE NAME | |
| Corporate name or jurisdiction name as entry element | Владимирский государственный педагогический институт им. П.И. Лебедева-Полянского |
| 942 ## - ADDED ENTRY ELEMENTS (KOHA) | |
| Source of classification or shelving scheme | Universal Decimal Classification |
| Koha item type | Գրքեր / Books |
| Withdrawn status | Lost status | Source of classification or shelving scheme | Damaged status | Not for loan | Collection | Home library | Current library | Date acquired | Total checkouts | Full call number | Barcode | Date last seen | Price effective from | Koha item type | Public note |
|---|---|---|---|---|---|---|---|---|---|---|---|---|---|---|---|
| Universal Decimal Classification | General | Fundamental Scientific Library | Fundamental Scientific Library | 05/04/2017 | PII/428109 | FL0441719 | 05/04/2017 | 05/04/2017 | Գրքեր / Books | 30 Days Loan |
ՀՀ Գիտությունների ազգային ակադեմիայի հիմնարար գիտական գրադարան = Fundamental Scientific Library of NAS RA
All site content, except where otherwise noted, is licensed under a